000 00580nam a2200193 a 4500
001 000007233
005 20240412074204.0
008 090907s1999 dr a 000 0 spa d
040 _aDO-SdBNP
_bspa
_cBNPHU
082 _aRD861.44
_bG215c
100 1 _aGarcía Bidó, Rafael
_918198
245 1 3 _aEl canto de lo(a)s 144 mil /
_cRafael García Bidó.
260 _aSanto Domingo :
_bEnoc,
_c1999.
300 _a107 p. :
_b22 cm ;
_cil.
500 _aIncluye notas al pie de las páginas
650 0 _aPoesía dominicana
_966
650 0 _aLiteratura dominicana.
_967
049 _aBNPD
999 _c7014
_d7014